000 00651nam a2200205 a 4500
001 21692
003 CO-ViMGA
008 141112s2004 ck r 000 u spa d
020 _a8424639146
040 _aCO-ViMGA
_bspa
_cCO-ViMGA
082 0 4 _aANGm
100 1 _aAnguera, Merce
_930963
245 1 0 _aMuy María
260 _aBarcelona :
_bCirculo de lectores,
_c2002
300 _a36
500 _aPremio Hospital Sant Joan de Deu 2002.
590 _aForma de adquisición : Donación fact. 8858 - - Precio : 65000 - - Proveedor : Fundación exito - - Fecha de adquisición : Junio 2007
650 1 4 _aCUENTOS INFANTILES
_92743
942 _2ddc
_cBK
999 _c30255
_d30255